000
00285nam a2200109Ia 4500
008
220120s9999||||xx |||||||||||||| ||und||
100
_a
Yoganarasimhan, B.N
245
0
_a
Network analysis
260
_a
Shiva book centre
_b
New Delhi
_c
2007
300
_b
0
650
_a
PROGRAMMING LANGUAGE
999
_c
136765
_d
136765